000
00333nam a2200145Ia 4500
008
181130s2018 xx 000 0 und d
100
_a
Fukuyama, Francis
245
_a
The last English civil war
260
_c
2018
300
_a
p.15-24.
504
_d
Winter
650
_a
Civil war
773
_a
Daedalus
906
_a
Civil war
999
_c
506607
_d
506607